000 00620nam a2200193Ia 4500
003 GCL
008 140319s9999 xx 000 0 ara d
040 _aGCL /
_cGCL
082 0 4 _a810.9
_bع م
100 1 _aعبدالقادر ابوشريفة
245 1 0 _aمدخل الى تحليل النص الأدبى /
_cعبدالقادر ابوشريفة
700 1 _aحسين لافى قزق
260 _a[S.N] :
_bدار الفكر للدراسات والنشر والتوزيع ،
_c1993
300 _a215 ص
490 _a
650 0 4 _aالادب العربى
650 0 4 _aتاريخ ونقد
942 _2ddc
_cBK
999 _c38662
_d38662